| 000 | 00486nam a22001937a 4500 | ||
|---|---|---|---|
| 020 | _a9501404714 | ||
| 080 | _a347.451.453 L 31 | ||
| 100 | _aLapa, Eduardo L | ||
| 245 | _aEl Agente de Guardia en la Venta o Locacion de Inmuebles | ||
| 260 |
_aBuenos Aires _bDepalma _c1988 |
||
| 300 | _a98 P. | ||
| 650 | _xCompraventa | ||
| 650 | _xCorredor | ||
| 650 | _xComision | ||
| 650 | _xAutorizacion para vender | ||
| 650 | _xresponsabilidad | ||
| 945 |
_acd _d2015-02-20 |
||
| 999 |
_c3488 _d233992 |
||
| 942 | _6_ | ||